| 000 | 00528nam a2200205Ia 4500 | ||
|---|---|---|---|
| 003 | GCL | ||
| 008 | 140319s9999 xx 000 0 aFre d | ||
| 020 | _a2246435412 | ||
| 040 |
_aGCL / _cGCL |
||
| 082 | 0 | 4 |
_a843 _bC F |
| 100 | 1 | _aCOMBESCOT, PIERRE | |
| 245 | 1 | 0 |
_aLES FILLES DU CALVAIRE : _bROMAN / _cCOMBESCOT, PIERRE |
| 260 |
_aفرنسا : _bBERNARD GRASSET |
||
| 300 |
_a22 CM ؛ _c427 P |
||
| 650 | 0 | 4 | _aLITERATURE |
| 650 | 0 | 4 | _aFICTION |
| 650 | 0 | 4 | _aFRENCH FICTION |
| 650 | 0 | 4 | _aFRENCH LITERATURE |
| 942 |
_2ddc _cBK |
||
| 999 |
_c7375 _d7375 |
||